|
|
|
|
| LEADER |
00000cam a2200000 a 4500 |
| 001 |
vtls010645197 |
| 003 |
SK-MaSNL |
| 005 |
20260301134053.0 |
| 008 |
201211s1804 hu 001 0 hun |
| 015 |
|
|
|a SNBA2017
|
| 020 |
|
|
|q (viazané)
|
| 035 |
|
|
|a E9DF4447-78C5-4F51-9F9A-8FA0C5C60049
|
| 035 |
|
|
|a urn:nbn:sk:snk-amtigt
|
| 035 |
|
|
|a urn:nbn:sk:snk-am00c4b3
|
| 040 |
|
|
|a SNK
|b slo
|c SNK
|e AACR2
|
| 041 |
0 |
|
|a hun
|
| 044 |
|
|
|a hu
|c HU
|
| 080 |
|
|
|a 32
|2 2001
|
| 240 |
|
|
|a Politicum edictum
|
| 245 |
0 |
0 |
|a Politicum edictum
|b az az közjóra tzélozó rendelések az Austriai kereskedő hajókázás iránt.
|c Mellyek ki-adattattak Bétsben, Aprilis Hólnapnak 25dik napján 1774dik esztendőben.
|
| 246 |
1 |
|
|i Súčasť zbierky:
|a Knižnica Martina Hamuliaka
|
| 260 |
|
|
|a Budán
|b Nyomtattatot A´Királyi Universitás Betüivel
|c 1804
|
| 300 |
|
|
|a 30 s. ; XVI
|c 34 cm
|
| 500 |
|
|
|a Kustody
|
| 546 |
|
|
|a Maďarčina
|
| 561 |
|
|
|a Okrúhla pečiatka: Nyitra Vármegyei Muzeum 1900
|5 SNK: IB 10016
|
| 561 |
|
|
|a Okrúhla pečiatka: Dar Martina Hamuljaka Matici slovenskej
|5 SNK: IB 10016
|
| 650 |
0 |
7 |
|a výnosy
|2 SNKPH
|9 13504
|
| 650 |
0 |
7 |
|a politika
|2 SNKPH
|9 968
|
| 655 |
|
7 |
|a nariadenia
|2 SNKPH
|9 70672
|
| 700 |
1 |
|
|a Hamuljak, Martin,
|d 1789-1859
|4 fmo
|9 79936
|
| 710 |
1 |
|
|a Királyi Universitásnak Betüivel
|c Budapešť
|4 prt
|9 487484
|
| 752 |
|
|
|a Maďarsko
|d Budapest
|
| 852 |
|
|
|a snk
|b Historické fondy
|p IB 10016
|
| 958 |
|
|
|a ONDV
|
| 999 |
|
|
|c 755621
|d 757551
|
| 952 |
|
|
|t Ham 406
|a SNK
|b SNK
|y PREZ
|7 0
|p 17A1127022
|o snkIB 10016
|i snk2014/28438
|8 5
|0 0
|1 0
|4 0
|d 2015-01-07
|f 1
|l 0
|r 2026-02-23 23:47:26
|w 2026-02-23
|